| 000 | 00636nam a22002417a 4500 | ||
|---|---|---|---|
| 999 |
_c6088 _d6088 |
||
| 001 | 6088 | ||
| 003 | BD-JhCC | ||
| 005 | 20180101185602.0 | ||
| 008 | 180101s1973 ii a|||| |||| 00| 0 eng d | ||
| 035 | _a(BD-JhCC)6088 | ||
| 040 |
_aBD-JhCC _dBD-JhCC |
||
| 041 | _aeng | ||
| 082 |
_a612 _bCHA 1973 |
||
| 100 | _aChatterjee, Chandi Charan | ||
| 245 |
_aHuman Physiology / _cChandi Charan Chatterjee |
||
| 260 |
_aKolkata _bNew Central Book Agency _c1973 |
||
| 300 |
_a1700 p. ; _bill. : _c20 cm |
||
| 490 | _vVolume II | ||
| 500 | _aIncludes Illutration | ||
| 504 | _aIncludes Index | ||
| 650 | _aHuman Physiology | ||
| 942 |
_2ddc _cBK |
||